Responses for Show #193 - Wednesday, June 5, 1985

Game entered from audiorecording. Missing prizes.

Contestants

Natalie Windsor, a news writer originally from Dayton, Ohio

David McIlwraith, a law student from San Diego, California

Nick Paul, an auto parts distributor from Panorama City, California (whose 1-day cash winnings total $4,000)

Jeopardy! Round responses

TRAVEL & TOURISM
GAME SHOWS
TRENDS
PSYCHOLOGY
BOTANICAL NAMES
POTPOURRI
    $100 6
(Alex: It's one of the four English language newspapers in Japan.)

Tokyo

Nick
    $100 1
(Dave: What is What's My Secret?)
(Alex: ... Be a little more specific.)
(Dave: What is What's My Line?)

whisper their secret identity (whisper a secret in his ear)

DaveNatalie
    $100 15
the twist

Nick
    $100 2
an asylum

Nick
    $100 14
Vine

Dave
    $100 20
Tuesday Weld

Nick
    $200 11
Michelin

Nick
    $200 7
(Alex: Yes, the most popular syndicated game show in America today.)
[Laughter]
(Alex: You're welcome, Pat.)

Wheel of Fortune

Dave
    $200 16
yuppie

Dave
    $200 3
a straitjacket

Natalie
    $200 25
Rose Kennedy

Dave
    $200 21
(Nick: 40--what was 49?)
(Natalie: What is No. 9?)
...
(Alex: One minute left in the round.)

Track 29

NickNatalie
Triple Stumper
    $300 12
(Natalie: What are women and men?)
(Alex: Nnnn)
(Natalie: [*].)

restrooms

Natalie
    $300 8
Bill Cullen

Nick
    $300 17
the alligator

Dave
    $300 4
[Laughter]

a Freudian slip

Natalie
    $300 22
Entebbe

Nick
    $400 26
[The end-of-round signal sounds.]

2" x 2"

Triple Stumper
    $400 9
(Dave: Who is Jan Murray?)
(Nick: Who was Wink Martindale?)
(Natalie: Who is Tom Kennedy?)

Gene Rayburn

NickDaveNatalie
Triple Stumper
    $400 18
a pyramid

Natalie
    $400 5
an M.D.

Dave
    $400 23
Lovers

Dave
    $500 10
(Alex: By the way, that Gene Rayburn one had to do with Match Game.)

21

Triple Stumper
    $500 19
a beaver

Dave
    $500 13
insane (insanity)

Natalie
    $500 24
Fidel Castro

Nick

Scores at the first commercial break (after clue 10):

Nick Dave Natalie
$100 $100 $200

Scores at the end of the Jeopardy! Round:

Nick Dave Natalie
$1,100 $1,800 $1,200

Double Jeopardy! Round responses

RULERS
ART
FOREIGN FILMS
ROCKS & MINERALS
SONGBIRDS
WARS
    $200 3
a lion

Nick
    $200 19
a mobile

Natalie
    $200 17
Z

Dave
    $200 8
white

Nick
    $200 13
(Nick: One...)

a partridge (in a pear tree)

NickDave
    $200 1
Afghanistan

Nick
    $400 4
Wenceslas

Natalie
    $400 20
the Public Broadcasting System

Nick
    $400 18
(Alex: We've got less than a minute to go in the round.)

Fellini

Nick
    $400 9
(Nick: What is the ruby?)

the garnet

NickNatalie
    $400 22
(Nick: What is the nightingale?)

the hummingbird

NickNatalie
    $400 2
the Boers

Dave
    $600 5
(Alex: There was a reason she was called "the Great" but we won't get into that.)

Catherine (the Great)

Natalie
    $600 21
Brigitte Bardot

Dave
    $600 10
metamorphic

Triple Stumper
    $600 14
the Civil War

Dave
    $400 6
(Natalie: Oh... what are shahs?)

sultan

Natalie
    $800 11
(Dave: What is lava?)

obsidian

DaveNatalie
    $800 15
Cervantes

Triple Stumper
    $1000 7
[Natalie laughs after Alex reads the clue.]
(Alex: Funny, huh, Natalie?)
[Laughter]
(Alex: Not so funny to ex-President Nixon I'll tell you; he wouldn't be happy seeing you react that way--nor would Leka; Leka's 6' 8" tall, walks around, carries a gun, always.)

Albania

Triple Stumper
    $1000 12
(Natalie: What is silicon?)
(Dave: What is carbon?)

oxygen

DaveNatalie
Triple Stumper
    $1000 23
[The end-of-round signal sounds.]

the yellow bird

Natalie
    $1000 16
(Alex: I think this war was named by a former program executive with NBC, it was called [*].)
[Laughter]

the War of the Three Henrys

Triple Stumper

Scores at the end of the Double Jeopardy! Round:

Nick Dave Natalie
$1,500 $2,000 $3,600

[wagering suggestions for these scores]

Final Jeopardy! Round responses

FAMOUS NAMES
(Alex: Natalie doesn't look happy.)
(Natalie: Baseball isn't my thing?)
(Alex: We were hoping with the clue that "1974 baseball figure" the only way you could go would be [*] because that's the year he broke Babe Ruth's record.)
...
(Alex: Who is Pete Rose? Well, that's not a bad guess.)
(Natalie: I'm from Ohio.)
[Laughter]
(Alex: Well, I'll tell you what--Pete Rose is gonna love you and a lotta folks in Ohio are gonna love you.)
NickWho is Aaron?
$1,500
DaveWho is Hank Aaron?
$1,900
NatalieWho is Pete Rose
$600
Hank Aaron

Final scores:

Nick Dave Natalie
$3,000 $3,900 $3,000
3rd place New champion: $3,900 2nd place

Game dynamics:

Coryat scores:

Nick Dave Natalie
$1,500 $2,000 $4,000
13 R,
5 W
13 R
(including 1 DD),
4 W
13 R
(including 1 DD),
4 W
(including 1 DD)

Combined Coryat: $7,500

[game clues] [game scores] [suggest correction]

Game tape date: 1985-01-30
The J! Archive is created by fans, for fans. Scraping, republication, monetization, and malicious use prohibited; this site may use cookies and collect identifying information. See terms. The Jeopardy! game show and all elements thereof, including but not limited to copyright and trademark thereto, are the property of Jeopardy Productions, Inc. and are protected under law. This website is not affiliated with, sponsored by, or operated by Jeopardy Productions, Inc. Join the discussion at JBoard.tv.